000 00329nam a22001217a 4500
040 _cRUA
082 _aCAM LON 1986 C160 Or.
100 _aLONDON, NEW YORK, NEW ROCHELLE, MELBOURN SYDNEY.
245 _aThe Economics Of Tropical Farm Management,
260 _aPHNOM PENH
_bRUA
_c1986
300 _a178p.
_bill.
_c29cm.
942 _cEK
999 _c25531
_d25531